Strategic Management Concepts and Cases (Record no. 229368)
[ view plain ]
| 000 -LEADER | |
|---|---|
| fixed length control field | 00334nam a22001217a 4500 |
| 008 - FIXED-LENGTH DATA ELEMENTS--GENERAL INFORMATION | |
| fixed length control field | 140815b xxu||||| |||| 00| 0 eng d |
| 020 ## - INTERNATIONAL STANDARD BOOK NUMBER | |
| International Standard Book Number | 9789810697983 |
| 050 ## - LIBRARY OF CONGRESS CALL NUMBER | |
| Classification number | HD 30.28 .D249 2014 |
| 100 ## - MAIN ENTRY--PERSONAL NAME | |
| Personal name | David, Fred R. |
| 245 ## - TITLE STATEMENT | |
| Title | Strategic Management Concepts and Cases |
| Remainder of title | Global Edition |
| 300 ## - PHYSICAL DESCRIPTION | |
| Extent | Includes Idnex |
| 942 ## - ADDED ENTRY ELEMENTS (KOHA) | |
| Source of classification or shelving scheme | Library of Congress Classification |
| Item type | Books |
| Withdrawn status | Lost status | Source of classification or shelving scheme | Damaged status | Home library | Current library | Shelving location | Date acquired | Total Checkouts | Total Renewals | Full call number | Barcode | Date last seen | Date last borrowed | Price effective from | Koha item type |
|---|---|---|---|---|---|---|---|---|---|---|---|---|---|---|---|
| Library of Congress Classification | College Library | College Library | General Circulation Section | 08/15/2014 | 2 | 10 | HD 30.28 .D249 2011 | c11656 | 05/15/2018 | 10/14/2015 | 08/15/2014 | Books |